Regeneration of south-east Wales (Record no. 70016)

MARC details
000 -LEADER
fixed length control field 00905cam a2200205 4500
001 - CONTROL NUMBER
control field WB3814-22
008 - FIXED-LENGTH DATA ELEMENTS--GENERAL INFORMATION
fixed length control field 020418n2002 000 0 eng u
035 ## - SYSTEM CONTROL NUMBER
System control number (Sirsi) u117574
245 ## - TITLE STATEMENT
Title Regeneration of south-east Wales
260 ## - PUBLICATION, DISTRIBUTION, ETC.
Date of publication, distribution, etc. 2002
490 ## - SERIES STATEMENT
Series statement National Assembly for Wales Press Release
Volume/sequential designation 18 April 2002
520 ## - SUMMARY, ETC.
Summary, etc. Regeneration worth £17m is announced for parts of south-east Wales most affected by job cuts. The news follows a report from the five counties including Caerphilly and Monmouthshire submitted to the assembly which contains plans for a joint regeneration framework. For press release: http://www.wales.gov.uk/newsite.dbs?37E752F2000942E000000A2E00000000+current+3CBE8B9100016708000005CA00000000
590 ## - LOCAL NOTE (RLIN)
Local note WB
650 ## - SUBJECT ADDED ENTRY--TOPICAL TERM
Topical term or geographic name entry element WALES
650 ## - SUBJECT ADDED ENTRY--TOPICAL TERM
Topical term or geographic name entry element EMPLOYMENT MARKET
650 ## - SUBJECT ADDED ENTRY--TOPICAL TERM
Topical term or geographic name entry element WELSH ASSEMBLY
650 ## - SUBJECT ADDED ENTRY--TOPICAL TERM
Topical term or geographic name entry element REGENERATION FORUM
690 ## - LOCAL SUBJECT ADDED ENTRY--TOPICAL TERM (OCLC, RLIN)
Topical term or geographic name as entry element REGENERATION
942 ## - ADDED ENTRY ELEMENTS (KOHA)
Suppress in OPAC 0
Holdings
Withdrawn status Lost status Source of classification or shelving scheme Damaged status Not for loan Home library Current library Shelving location Date acquired Total Checkouts Full call number Barcode Date last seen Copy number Price effective from Koha item type
    Dewey Decimal Classification     London London News article 18/04/2002   WB3814-22 117574-1001 06/08/2019 1 06/08/2019 News article